| 000 | 00602nam a2200217 a 4500 | ||
|---|---|---|---|
| 999 |
_c2986 _d2986 |
||
| 001 | 2986 | ||
| 003 | BD-JhCC | ||
| 005 | 20171115181601.0 | ||
| 008 | 171108s1967 bg |||| ||a| 000 0 ben d | ||
| 035 | _a(BD-JhCC)2986 | ||
| 040 |
_aBD-JhCC _dBD-JhCC |
||
| 041 | _aben | ||
| 082 |
_a891.4435 _bBAK 1976 |
||
| 100 | _aবকলম, | ||
| 245 |
_aকালপেঁচার ডায়েরী / _cবকলম |
||
| 260 |
_aঢাকা : _bমুক্তধারা, _c১৯৭৬. |
||
| 300 |
_a224 p. : _c21 cm. |
||
| 650 | _aCollection of Satiric Essays | ||
| 942 |
_2ddc _cBK |
||